00245nam a2200109Ia 4500008004100000041001200041082001100053100001600064245004300080260000600123650000600129221030s9999 xx 000 0 und d aEnglish a105.23 aS. D.Chopra 0aDifferential Equationscby S. D.Chopra c0 aB